Noviolencia en zonas de conflicto: brigadas internacionales de paz /
Este artículo pretende investigar el trabajo de Brigadas Internacionales de Paz (Peace Brigades Internacional - PBI), y las contribuciones que esta organización realiza en el campo de la gestión internacional noviolenta de conflictos en situaciones con altos niveles de violencia, mediante la protecc...
Salvato in:
| Autore principale: | |
|---|---|
| Natura: | testo |
| Soggetti: | |
| Tags: |
Aggiungi Tag
Nessun Tag, puoi essere il primo ad aggiungerne!!
|
MARC
| LEADER | 00000 a a2200000 04500 | ||
|---|---|---|---|
| 001 | 40907 | ||
| 003 | |||
| 040 | |||
| 100 | |a Checa Hidalgo, Diego | ||
| 245 | |a Noviolencia en zonas de conflicto: |b brigadas internacionales de paz / |c Diego Checa Hidalgo | ||
| 500 | |a diegochecahidalgo@hotmail.com | ||
| 520 | |a Este artículo pretende investigar el trabajo de Brigadas Internacionales de Paz (Peace Brigades Internacional - PBI), y las contribuciones que esta organización realiza en el campo de la gestión internacional noviolenta de conflictos en situaciones con altos niveles de violencia, mediante la protección de activistas. | ||
| 590 | |a RRA/ENERO2012 | ||
| 650 | |a 1.SOLUCION DE CONFLICTOS | ||
| 650 | |a 2.ORGANIZACIONES NO GUBERNAMENTALES | ||
| 650 | |a 3.SOCIEDAD CIVIL | ||
| 650 | |a 4.DERECHOS HUMANOS | ||
| 650 | |a 5.VIOLENCIA | ||
| 773 | |g volumen15, número48 ( , 2008), páginas 137-161 | ||
| 999 | |c 38730 |d 38730 | ||
